Pays consommant le plus de bière par habitant - Statistiques

Statistiques générales
  • Ce quiz a été pris 2 964 fois
    337 depuis la dernière actualisation
  • Le résultat moyen est 11 sur 20
Statistiques - réponses
Rang Litres par habitant Pays % Correct
8 88,8 Allemagne
96%
4 100,6 Irlande
74%
6 93,0 Espagne
70%
12 83,0 Pologne
69%
1 152,1 République Tchèque
67%
2 106,5 Autriche
62%
17 73,5 Slovaquie
60%
20 70,1 Hongrie
59%
10 84,1 Slovénie
56%
9 84,4 Roumanie
55%
5 94,2 Croatie
54%
11 83,8 Lettonie
53%
7 92,6 Estonie
52%
3 103,3 Lituanie
52%
15 79,8 Mexique
50%
14 80,0 Bulgarie
44%
19 71,3 Bosnie-Herzégovine
34%
18 72,7 Afrique du Sud
25%
13 81,0 Panama
17%
16 78,4 Gabon
6%
Aucun quiz correspondant
Distribution des résultats
% des personnes avec chaque résultat
Percentile par nombre de réponses
Votre historique - résultats
Vous n’avez pas pris ce quiz depuis la dernière actualisation